La muerte de Iván Ilich ; El amo y el servidor / (Record no. 135269)

MARC details
000 -LEADER
campo de control de longitud fija 00685nam a2200217 i 4500
001 - NÚMERO DE CONTROL
campo de control 135269
003 - IDENTIFICADOR DE NÚMERO DE CONTROL
campo de control ES-MaACL
005 - FECHA Y HORA DE LA ÚLTIMA TRANSACCIÓN
campo de control 20240126063011.0
007 - CAMPO FIJO DE DESCRIPCIÓN FÍSICA--INFORMACIÓN GENERAL
campo de control de longitud fija t|
008 - DATOS DE LONGITUD FIJA--INFORMACIÓN GENERAL
campo de control de longitud fija 070713s1945 sp ||||1| spa d
080 ## - NÚMERO DE LA CLASIFICACIÓN DECIMAL UNIVERSAL
Número de la Clasificación Decimal Universal 821.161.1-32"18"
100 1# - ENTRADA PRINCIPAL--NOMBRE DE PERSONA
Nombre de persona Tolstói, Lev,
Fechas asociadas al nombre 1828-1910
9 (RLIN) 110489
245 13 - MENCIÓN DEL TÍTULO
Título La muerte de Iván Ilich ; El amo y el servidor /
Mención de responsabilidad, etc. por Lev Nikolaevich Tolstoï ; [traducción directa del ruso por Ida Gorodezki].
260 ## - PUBLICACIÓN, DISTRIBUCIÓN, ETC.
Lugar de publicación, distribución, etc. [s.l.] :
Nombre del editor, distribuidor, etc. [s.n.],
Fecha de publicación, distribución, etc. [1945]
300 ## - DESCRIPCIÓN FÍSICA
Extensión 194 p. ;
Dimensiones 20 cm.
490 1# - MENCIÓN DE SERIE
Mención de serie Col. La quimera
700 1# - ENTRADA AGREGADA--NOMBRE PERSONAL
Nombre de persona Gorodezki, Ida.
9 (RLIN) 59202
830 0# - PUNTO DE ACCESO ADICIONAL DE SERIE-TÍTULO UNIFORME
Título uniforme Col. La quimera
9 (RLIN) 187009
852 ## - LOCALIZACIÓN
Ubicación ES-MaACL
Número de control de estantería E-888
Sublocalización o colección R.27251
Holdings
Estatus retirado Estado de pérdida Estado de daño No para préstamo Biblioteca de origen Biblioteca actual Ubicación en estantería Fecha de adquisición Fuente de adquisición Total de préstamos Signatura topográfica completa Código de barras Visto por última vez Precio de reemplazo Tipo de ítem Koha
        Biblioteca del Ateneo de Madrid Biblioteca del Ateneo de Madrid Depósito 2 17/01/2008     E-888 1140791 23/02/2023 23/02/2023 Libro impreso